000 00217 a2200097 4500
001 42088
100 _aTwenty,
245 _aChambers Technical Dictionary
260 _a
_bW & R Chambers Ltd
_c
090 _c26095
_d26095
942 _aNUST-CAE
_cM
_c17886
999 _c277161
_d277161